Protocolo opcional de la Convención Internacional para la Eliminación de Todas las Formas de Discriminación Contra la Mujer /
Αποθηκεύτηκε σε:
| Κύριος συγγραφέας: | |
|---|---|
| Άλλοι συγγραφείς: | |
| Μορφή: | Κείμενο |
| Θέματα: | |
| Ετικέτες: |
Προσθήκη ετικέτας
Δεν υπάρχουν, Καταχωρήστε ετικέτα πρώτοι!
|
MARC
| LEADER | 00000 a a2200000 04500 | ||
|---|---|---|---|
| 001 | 2364 | ||
| 003 | |||
| 040 | |||
| 100 | |a Long Saborío, Soraya | ||
| 245 | |a Protocolo opcional de la Convención Internacional para la Eliminación de Todas las Formas de Discriminación Contra la Mujer / |c Soraya Long Saborío | ||
| 650 | |a DERECHOS HUMANOS | ||
| 650 | |a DERECHOS DE LA MUJER | ||
| 700 | |a Duarte, Ana Virginia | ||
| 773 | |g volumen 17, número 2; páginas 30-31 | ||
| 999 | |c 35469 |d 35469 | ||
